Statistics for Geography Series #32

Click here to take the quiz!

General Stats

  • This quiz has been taken 23 times
  • The average score is 3 of 5

Answer Stats

American Territories% Correct
Guam
91%
Puerto Rico
83%
US Virgin Islands
74%
American Samoa
65%
Northern Mariana Islands
35%

Score Distribution

Percentile by Number Answered

Percent of People with Each Score

Your Score History

You have not taken this quiz